Detroit lions 2024-2025 offense trivia - Statistics

General Stats
  • This quiz has been taken 26 times
  • The average score is 6 of 15
Answer Stats
Answer % Correct
Goff
100%
Gibbs
92%
Montgomery
92%
St.brown
83%
Laporta
67%
Patrick
42%
Raymond
38%
Reynolds
38%
Hooker
33%
Wright
33%
Skipper
17%
People jones
4%
Bates
0%
Dan Campbell
0%
Fox
0%
No matching quizzes found
Score Distribution
Percent of People with Each Score
Percentile by Number Answered
Your Score History
You have not taken this quiz